000 00756cam a2200253 4500500
005 20260329005603.0
041 _afre
042 _adc
100 1 0 _aDegiovanni, Clara
_eauthor
245 0 0 _a“Mon chien, c’est toute ma vie !” L’animal, un allié pour les personnes à la rue
260 _c2024.
500 _a45
690 _aAnimal
690 _aAssociation
690 _aChien
690 _aDonna Haraway
690 _aPrécarité
690 _aSans-abri
690 _aSDF
690 _aSymbiose
690 _aVulnérabilité
786 0 _nPhilosophie magazine | 178 | 4 | 2024-04-01 | p. 20-22 | 1951-1787
856 4 1 _uhttps://shs.cairn.info/magazine-philosophie-magazine-2024-4-page-20?lang=fr&redirect-ssocas=7080
999 _c1844769
_d1844769